01007nam a2200253 i 450000100060000000300080000600500170001400800390003103500190007004000320008904100080012108200200012910000430014924501080019226000510030030000200035150001060037150400280047760000570050565000310056294200120059399900170060595201310062233013BD-RjUL20211209051931.0140429s1978 bg b 000 0 eng a(BD-RjUL)33103 aDLCcDLCdDLCdBD-RjULbeng aeng00a297.4bNUA 19782 aNurudd-in, Ab-u Saʾid,d1929-910033210aAllama Iqbal's attitude toward Sufism and his unique philosophy of khudi (self) /cAbu Sayeed Nuruddin. aDacca :bIslamic Foundation Bangladesh,c1978. a64 p. ;c23 cm. aBased on the author's thesis, Karachi University, 1956 with title: Islāmī taṣavvuf aur Iqbāl. aBibliography: p. 63-64.10aIqbal, Muhammad,cSir,d1877-1938xReligion.9100369 0aSufismxDoctrines.9100270 2ddccBK c33013d33013 00102ddc40718NFICaRUCLbRUCLcReadingd1981-12-31eN/Ag0.00l0o297.4 NUA 1978r2014-04-29 00:00:00tC-1w2014-04-29yBK